| 000 | 00932nam a22002657a 4500 | ||
|---|---|---|---|
| 005 | 20130328120848.0 | ||
| 008 | 130328b xxu||||| |||| 00| 0 eng d | ||
| 010 | _aENG-106748 | ||
| 020 |
_a9788132110002 _c550.00 |
||
| 035 | _aEN-90281 | ||
| 037 | _bDBAD/PUB | ||
| 040 |
_aDPL _bEng |
||
| 082 | 0 | 4 |
_a300.72 _222 |
| 245 | 0 | 0 |
_aTheory and methods in social research / _cedited by Bridget Somekh [and] Cathy Lewin |
| 250 | _a2nd ed | ||
| 260 |
_aNew Delhi _bSage Publications _c2012 |
||
| 270 |
_aB1/I-1 Mohan Cooperative Industrial Area Mathura Road _bNew Delhi _e110044 |
||
| 300 |
_axxiii, 344 p. : _bill. _c24cm(pbk) |
||
| 500 | _aPrevious ed.: Research methods in the social sciences, 2005. | ||
| 500 | _aIncludes bibliographical references and index. | ||
| 650 | 0 |
_aSocial sciences _xResearch _xMethodology. |
|
| 700 | 1 | _aSomekh, Bridget | |
| 700 | 1 | _aLewin, Cathy | |
| 942 |
_2ddc _cEN _h300.72 _mTHE |
||
| 999 |
_c74015 _d74015 |
||